000 00355nam a22001337a 4500
005 20180115154755.0
008 180115b xxu||||| |||| 00| 0 eng d
040 _cPK-LaUMT
082 _aPKAC 305.4095491082
_bREP-
245 _aReport of the Pakistan commission on the status of women/
260 _aIslamabad:
_b[ ]
_c[]
300 _a234
942 _cBK
999 _c101686
_d101686